000 00281nam a2200121Ia 4500
008 220216s9999 xx 000 0 und d
100 _aMarattukalam J.G.
245 0 _aRubber from deserts
260 _bRubber Reporter
_c1983
300 _a59-61
650 _aGuayule
942 _cBS
999 _c51274
_d51274